|
|
|
|
| LEADER |
00000nab a2200000 a 4500 |
| 001 |
vtls000039135 |
| 003 |
SK-MaSNL |
| 005 |
20260304012119.0 |
| 008 |
111103c1979 xo 0 slo |
| 015 |
|
|
|a SNBRB19rr/mm-uuuuu
|
| 035 |
|
|
|a CL0049230
|
| 040 |
|
|
|a SNKBUCL
|b slo
|c SNKBUCL
|e AACR2
|
| 041 |
0 |
|
|a slo
|
| 044 |
|
|
|a xo
|c SK
|
| 080 |
|
|
|a 796.6
|2 1981
|
| 100 |
1 |
|
|a Kríž, Zdenko,
|d 1950-
|4 aut
|9 196373
|
| 245 |
1 |
0 |
|a Cez slovenské kopce na MS
|b Dnes štartuje v Spišskej Novej Vsi XXIII. ročník cyklistických pretekov Okolo Slovenska
|c Zdeno Kríž
|
| 300 |
|
|
|b Obr. 1.
|
| 650 |
0 |
7 |
|a cyklistika
|2 snkbucl
|9 3263
|
| 650 |
0 |
7 |
|a Okolo Slovenska
|2 snkbucl
|9 921512
|
| 651 |
|
7 |
|a 5409
|2 snkbucl
|9 284640
|
| 655 |
|
7 |
|a články z novín a časopisov
|2 snkbucl
|9 267496
|
| 773 |
0 |
|
|t Šport
|g Roč. 31, č. 187 (10. 8. 1979), s. 1
|
| 850 |
|
|
|a Slovenská národná knižnica v Martine
|a MTA001
|
| 852 |
|
|
|a SNK
|b KIS3GCP
|
| 958 |
|
|
|a RK
|
| 992 |
|
|
|a RBX
|
| 999 |
|
|
|c 2569849
|d 2571779
|